00993nam a22002532a 450000100060000000300090000600500170001500800410003203500170007304000460009004100080013608200320014409000180017610000300019424501080022426000440033230000290037650001070040550400310051265000430054394200120058699900170059895201240061545198BD-RJUL 20211209053958.0160724s1937 enkb b 000 0 eng c aBD-RJUL45316 aU.S. Dept. of agr. LibrarycKLGdEQObeng aeng 223 a338.170954 bHUA 1937  aHD9016.I4bH81 aHusain, Saiyid A.913846610aAgricultural marketing in northern India /cby S.A. Husain ... With a foreword by Sir Harry Lindsay ... aLondon :bG. Allen & Unwin Ltd,c[1937] a342 p. :bill. ; c23 cm a"Thesis approved for the degree of doctor of philosophy in the University of London."--3d prelim. leaf aBibliographical foot-notes 0aFarm producezIndiaxMarketing9138467 2ddccBK c45198d45198 00102ddc40708NFICaRUCLbRUCLcStackd1961-11-09l0o338.170954 HUA 1937r2016-07-24 00:00:00tC-2w2016-07-24yBK